|
|
|
|
| LEADER |
00000nab a2200000 a 4500 |
| 001 |
vtls000633266 |
| 003 |
SK-MaSNL |
| 005 |
20260303233504.0 |
| 008 |
160314c1996 xo 0 slo |
| 015 |
|
|
|a SNBRB19rr/mm-uuuuu
|
| 035 |
|
|
|a CL0633405
|
| 040 |
|
|
|a SNKBUCL
|b slo
|c SNKBUCL
|e AACR2
|
| 041 |
0 |
|
|a slo
|
| 044 |
|
|
|a xo
|c SK
|
| 080 |
|
|
|a 82:929:885.4
|2 1981
|
| 080 |
|
|
|a 885.4
|2 1981
|
| 100 |
1 |
|
|a Klimáček, Viliam,
|d 1958-
|4 ive
|9 103454
|
| 245 |
1 |
0 |
|a Viliam Klimáček... [inc.]
|c Viliam Klimáček, Koloman Kertész Bagala
|
| 300 |
|
|
|b Fotogr. 1
|
| 600 |
1 |
7 |
|a Klimáček, Viliam,
|d 1958-
|2 snkbucl
|9 103454
|
| 700 |
1 |
|
|a Kertész-Bagala, Koloman,
|d 1964-
|4 ivr
|9 103757
|
| 773 |
0 |
|
|x 1210-1982
|t Knižná revue
|g Roč. 6, č. 18 (1996), s. 4
|
| 850 |
|
|
|a Slovenská národná knižnica v Martine
|a MTA001
|
| 852 |
|
|
|a SNK
|b KIS3GCP
|
| 958 |
|
|
|a LX
|
| 958 |
|
|
|a SK
|
| 958 |
|
|
|a NX
|
| 958 |
|
|
|a RK
|
| 958 |
|
|
|a RBX
|
| 999 |
|
|
|c 2515413
|d 2517343
|